1928 1753 1455 1538 1695 1130 1578 1089 1198 1947 1355 1944 1799 1468 1480 1437 1813 1072 1340 1437 1759 1251 1925 1139 1839 1500 1442 1325 1576 1169 1278 1464 1797 1359 1147 1171 1364 1242 1764 1412 1468 1796 1354 1150 1913 1988 1926 1282 1988 1859 1437 1040 1453 1089 1664 1819 1413 1042 1734 1698 1512 1839 1136 1160 1761 1258 1049 1998 1582 1719 1588 1378 1151 1768 1614 1533 1150 1564 1491 1411 1743 1450 1969 1294 1535 1797 1550 1123 1596 1587 1357 1335 1491 1795 1623 1234 1875 1156 1131 BCNSPRNW ULIB Ver.6.0+V

เปลี่ยนเป็นภาษาไทย

Change to English
 แสดงรายละเอียดบรรณานุกรม
  กลับหน้าหลัก

Brief Record : Get Marc (ISO 2709) : E-mail record : QR code < ปิดหน้าต่าง
LEADER : 00000nam 2200000uu 4500
001    13399120644
003     ULIB
008    121002s2548||||th 000 0 tha d
020    ^a9746132288 (ล.1)
050  0 ^a BL2075^bส719อ ล.1
110 2  ^aมหาวิทยาลัยสุโขทัยธรรมาธิราช
245 10 ^aความเชื่อและศาสนาในสังคมไทย หน่วยที่1-7=^bBeliefs and religions in Thai society /^cมหาวิทยาลัยสุโขทัยธรรมาธิราช
246 31 ^aBeliefs and religions in Thai society
250    ^aพิมพ์ครั้งที่ 7
260    ^aนนทบุรี :^bสำนักพิมพ์มหาวิทยาลัยสุโขทัยธรรมาธิราช,^c2548
300    ^a2 ล. ;^c30 ซม.
500    ^aเอกสารการสอนชุดวิชา 12304 หน่วยที่ 1-7, 8-15 -- หน้าปกใน
650  7 ^aความเชื่อ
650  7 ^aศาสนา^xไทย
650  7 ^aศาสนากับสังคม
945    ^p0^l0^i24412
995    ^aวิภา
999 ^a ใช้งานได้ทุกระบบ
รายการนี้ยังไม่มีแท็ก
คุณยังไม่ได้ล็อกอิน คุณสามารถมีกิจกรรมร่วมกับเว็บไซต์ได้ แต่ต้องล็อกอินก่อน ::
  ล็อกอิน

รายการสื่อสารสนเทศ

ลำดับที่ ประเภท เลขเรียก/บาร์โค้ด สถานที่ สถานะ
1. วิทยาศาสตร์การแพทย์ และสุขภาพ
วิทยาศาสตร์การแพทย์ และสุขภาพ
BL2075 ส719อ ล.1  
  Barcode: 24412
ห้องสมุดวิทยาเขตสวรรค์ประชารักษ์
►หนังสือทั่วไป
บนชั้น

รายการใกล้เคียง
    หัวเรื่อง [ความเชื่อ]
    หัวเรื่อง [ศาสนากับสังคม]

BibComment


ยังไม่เคยถูกคอมเมนท์

คอมเมนท์ทรัพยากรรายการนี้
  คอมเมนท์: ความเชื่อและศาสน..


 Copyright 2026. Bcnsprnw @Library